000 01346nam a2200385 i 4500
001 000032230
003 DO-SdBNP
005 20250127103348.0
007 ta
008 110713s1981 dr r 000 f spa d
020 _a8484010384
040 _aDO-SdBNP
_bspa
_cBNPHU
_erda
041 _aspa
082 4 _aRD863.42
_bN937c
_222
245 0 3 _aLa novela de la caña.
264 1 _aSanto Domingo :
_bEditora de Santo Domingo,
_c1981.
300 _a713 páginas ;
_c22 cm.
336 _atexto
_btxt
_2rdacontent
337 _asin mediación
_bn
_2rdamedia
338 _avolumen
_bnc
_2rdacarrier
490 _aCultura dominicana
502 _aPublicado con: Cañas y bueyes / F. E. Moscoso Puello --Over /Ramón Marrero Aristy -- El terrateniente / Manuel Antonio Amiama.
563 _aTres obras encuadernadas juntas con paginación continua.
590 _aInventariado, 2019 / DG
650 0 _aNovela dominicana
_9223
650 0 _aLiteratura dominicana.
_967
700 1 2 _aMoscoso Puello, F. E.
_d1885-1959
_g(Francisco Eujenio)
_958300
700 1 2 _aMarrero Aristy, Ramón,
_d1913-1959
_tOver
_922152
700 1 2 _aAmiama, Manuel Antonio,
_d1899-1991
_tEl terrateniente
_958301
740 0 2 _aCañas y bueyes
740 0 2 _aOver
740 0 2 _aEl terrateniente
910 _aValidado. Control de calidad. MMOLINA
942 _2ddc
_cLBS1
999 _c31721
_d31721